| 000 | 01108nam a22003377a 4500 | ||
|---|---|---|---|
| 001 | BR6005367 | ||
| 003 | BR-BrBNA | ||
| 005 | 20230928083224.0 | ||
| 007 | ta | ||
| 008 | 230509b bl.||||| |||| 00| 0 por d | ||
| 040 |
_aBR-BrBNA _bpor _cBiblioteca Nacional de Agricultura |
||
| 041 | _a(Por) | ||
| 072 |
_aF00 _b1410 _b/G514 |
||
| 090 | _ 1410 BR6005367 | ||
| 100 | 1 | _aBaldanzi, G. | |
| 100 | 1 | _aZimmermann, F.J.P. | |
| 100 | 1 | _aZimmermann, M.J. de O. | |
| 100 | 1 | _aSchinzel, R.L. | |
| 100 | 1 | _aMotta, M.A. da | |
| 100 | 1 | _aEmpinotti, C.M. | |
| 110 | 1 |
_aSecretaria da Agricultura, Curitiba, PR (Brasil). Depto. da Producao Vegetal _98368 |
|
| 245 | 1 | _aResultados experimentais com o feijoeiro comum (Phaseolus vulgaris, L.)no Parana 1: epocas de plantio nas regioes centro, sul e oeste do Estado [Brasil] | |
| 260 | 3 |
_aCuritiba, PR (Brasil): _c1971. |
|
| 300 | _a7 p. | ||
| 500 | _aSummaries (Eng, Por); Reprint of "Arquivos de Biologia e Tecnologia, v. 14, 1971 | ||
| 650 | _aFEIJAO | ||
| 650 | _aPLANTIO | ||
| 650 | _aPARANA | ||
| 909 |
_a202309 _bLucia _c55 _dLucia Elande |
||
| 942 | _cBK | ||
| 999 |
_c12232 _d12232 |
||